1057 1712 1147 1344 1961 1355 1144 1437 1282 1284 1300 1375 1458 1522 1889 1387 1543 1204 1879 1003 1049 1069 1512 1230 1253 1899 1175 1982 1555 1439 1864 1389 1925 1096 1142 1643 1457 1386 1218 1764 1130 1025 1937 1940 1509 1935 1205 1780 1918 1934 1976 1251 1289 1402 1252 1980 1828 1689 1010 1255 1007 1893 1514 1343 1547 1491 1854 1955 1379 1651 1522 1014 1634 1113 1331 1163 1559 1552 1728 1504 1172 1798 1737 1169 1109 1748 1449 1981 1464 1727 1463 1135 1947 1094 1584 1950 1594 1783 1500 BCNSPRNW ULIB Ver.6.0+V

เปลี่ยนเป็นภาษาไทย

Change to English
 แสดงรายละเอียดบรรณานุกรม
  กลับหน้าหลัก

Brief Record : Get Marc (ISO 2709) : E-mail record : QR code < ปิดหน้าต่าง
LEADER : 00000nam 2200000uu 4500
001    13399108445
003     ULIB
008    110303s2010||||th 000 0 eng d
020    1416066675
060 04 WY160^bV278F 2010
100 1  Elizabeth M. Varcarolis
245 10 Foundations of Psychiatric mental health nursing /^cElizabeth M. Varcarolis
250    6th ed.
260    St. Louis:^bSaunders/ELSEVIER,^c2010
300    842 p.
650  7 Mental Disorders^xnursing
650  7 Psychiatric Nursing
945    ^p2720^l0^i027422
995    ทศพร
999 ^a ใช้งานได้ทุกระบบ
รายการนี้ยังไม่มีแท็ก
คุณยังไม่ได้ล็อกอิน คุณสามารถมีกิจกรรมร่วมกับเว็บไซต์ได้ แต่ต้องล็อกอินก่อน ::
  ล็อกอิน

รายการสื่อสารสนเทศ

ลำดับที่ ประเภท เลขเรียก/บาร์โค้ด สถานที่ สถานะ
- ไม่พบข้อมูล -

รายการใกล้เคียง
    หัวเรื่อง [Psychiatric Nursing]

BibComment


ยังไม่เคยถูกคอมเมนท์

คอมเมนท์ทรัพยากรรายการนี้
  คอมเมนท์: Foundations of Ps..


 Copyright 2026. Bcnsprnw @Library